| 000 | 00760nam a2200193 a 4500 | ||
|---|---|---|---|
| 003 | 0 | ||
| 005 | 20250505151422.0 | ||
| 008 | 080527s19uu xx 00 eng d | ||
| 050 |
_aPHS BF 697.5.S43 _b.L44 2005 |
||
| 100 | _aLegacion, Gladys Dianne Palmer. | ||
| 245 |
_aA Comparative study on the self-esteem of winners and losers in beauty contets / _cGladys Diane Palmer Legacion. |
||
| 260 |
_aLas PiƱas City, Philippines : _bSouthville International School and Colleges, _c2005. |
||
| 300 |
_a50 pages : _billustrations ; _c28 cm. |
||
| 504 | _aIncludes bibliographical references. | ||
| 650 |
_aSelf-esteem _xPsychological aspects. |
||
| 650 |
_aBeauty contests _xPsychological aspects. |
||
| 650 | _aWinners and losers (Psychology). | ||
| 942 |
_2lcc _cPASS |
||
| 999 |
_c97265 _d97265 |
||